000 00429nam a22001697a 4500
003 BDDh-ASL
005 20231015031054.0
008 221222n xx ||||| |||| 00| 0 a d
040 _aBDDh-ASL
_cBDDh-ASL
041 _aara
082 _a297
_bFIS
100 1 _aFirzoabadi, Majduddin
_96838
245 1 0 _aSafrus S'ādat : / سفرالسعادة
300 _a133 p. :
_c23 cm.
650 0 _aIslam
_91652
942 _2ddc
_cBK
999 _c29813
_d29813